000 00654cam a2200229 a 4500
001 4019764
005 20180109072004.0
008 970917s1998 txua b 001 0 eng
010 _a 97073500
020 _a0155039466
040 _aDLC
_cDLC
041 _aeng
080 _a428.6 FJE
082 0 0 _a428.6 FJE
_221
100 _a46
101 _aEDU
245 0 4 _aThe thoughtful reader /
_c[compiled by] Mary C. Fjeldstad.
504 _aIncludes bibliographical references and index.
906 _a7
_bcbc
_corignew
_d3
_eopcn
_f19
_gy-gencatlg
942 _2ddc
_cBK
999 _c39903
_d39903